000 00612nam a2200193 a 4500
005 20210219153533.0
008 991125n 000 0 u
035 _aUPN01000105281
100 _aCARTER, John Marshall
222 _aCANADIAN JOURNAL OF HISTORY OF SPORT = REVUE CANADIENNE DE L'HISTOIRE DES SPORTS
245 _aWine and song : publicizing sports records and reputations in the high middle ages
300 _a17-25
362 _a1992 Vol. 23, no. 2 (dec.)
653 0 _aADOLESCENTES
653 0 _aCOMPETENCIAS DEPORTIVAS
653 0 _aDEPORTE
904 _aAC
_b043092
905 _aArticulo
999 _c79392
_d79392